| 000 | 00744nac a22002417a 4500 | ||
|---|---|---|---|
| 001 | BR7324010 | ||
| 003 | BR-BrBNA | ||
| 005 | 20240105121414.0 | ||
| 008 | 230509b bl.|||m| |||| 00| 0 por d | ||
| 040 |
_aBR-BrBNA _bpor _cBiblioteca Nacional de Agricultura |
||
| 072 | _aQ02 | ||
| 090 | _a9921 BR7324010 | ||
| 100 | 1 | _aMoretti, R.H. | |
| 110 | 1 | _aInstituto de Tecnologia de Alimentos, Campinas, SP (Brasil) | |
| 245 | 1 | _aFabricacao do vinho | |
| 260 | 3 |
_aCampinas, SP (Brasil): _c1968. |
|
| 300 | _a11 p. | ||
| 490 |
_aInstrucoes Praticas - Instituto de Tecnologia de Alimentos (Brazil) _vno. 1 _x |
||
| 650 | _aTecnologia de Alimento | ||
| 650 | _aVinho | ||
| 909 |
_a202312 _bLúcia Elande _c55 _dLúcia Elande |
||
| 942 |
_2AGRIS _n0 _cMS |
||
| 999 |
_c285112 _d285112 |
||